Enrique Pérez Arbeláez : (Registro nro. 8770)

Detalles MARC
000 -CABECERA
Campo de control 01077nam a22002657a 4500
005 - FECHA Y HORA DE LA ULTIMA TRANSACCION
Campo de control 20141108101351.0
008 - ELEMENTOS DE LONGITUD FIJA—INFORMACION GENERAL
Campo de control 141108s2005 ck a gr f00010bspa d
020 ## - ISBN
ISBN 89589129242
041 0# - IDIOMA
Código de idioma para texto/pista de sonido o título separado Español
044 ## - PAÍS DE PUBLICACIÓN
País de publicación Colombia
082 04 - NUMERO DE CLASIFICACION DECIMAL DEWEY
Número de clasificación 925.8
Número del ítem A66e
100 1# - ASIENTO PRINCIPAL--NOMBRE PERSONAL
Nombre personal Arango-Bueno, Teresa
245 10 - MENCION DE TITULO
Título Enrique Pérez Arbeláez :
Parte restante del título su vida y su obra /
Mención de responsabilidad por Teresa Arango Bueno ; ilustración botánica Enrique Pérez Arbeláez ; ilustración artística Hernán Darío Nova.
250 ## - MENCION DE EDICION
Mención de edición 2a. ed.
260 ## - PUBLICACION, DISTRIBUCION, ETC. (PIE DE IMPRENTA)
Lugar de publicación, distribución, etc. Bogotá :
Nombre del editor, distribuidor, etc. Jardín Botánico de Bogotá José Celestino Mutis,
Fecha de publicación, distribución, etc. 2005.
300 ## - DESCRIPCION FISICA
Extensión 106 p. :
Otros detalles físicos il. ;
Dimensiones 19 cm.
600 14 - ASIENTO SECUNDARIO DE MATERIA - NOMBRE PERSONAL
Nombre persona Pérez Arbeláez, Enrique,
Fechas asociadas con el nombre 1896-1972
Subdivisión de forma Biografías.
650 #4 - ASIENTO SECUNDARIO DE MATERIA - TERMINO TEMATICO
Término temático o nombre geográfico como elemento de entrada Expedición botánica
Subdivisión geográfica Colombia.
650 ## - ASIENTO SECUNDARIO DE MATERIA - TERMINO TEMATICO
Término temático o nombre geográfico como elemento de entrada Flora
Subdivisión geográfica Colombia
Subdivisión general Historia.
650 #4 - ASIENTO SECUNDARIO DE MATERIA - TERMINO TEMATICO
Término temático o nombre geográfico como elemento de entrada Jardines botánicos
Subdivisión general Historia
Subdivisión geográfica Colombia.
700 1# - ASIENTO SECUNDARIO - NOMBRE PERSONAL
Nombre personal Perez-Arbeláez, Enrrique,
Fechas asociadas con el nombre 1869-1972,
Término de relación il.
700 1# - ASIENTO SECUNDARIO - NOMBRE PERSONAL
Nombre personal Nova, Hernán Darío,
Término de relación il.
700 1# - ASIENTO SECUNDARIO - NOMBRE PERSONAL
Nombre personal Molina Prieto, Luis Fernando,
Fechas asociadas con el nombre 1959-,
Término de relación ed.
942 ## - ELEMENTOS ADICIONALES (KOHA)
Sistema de clasificación Dewey Decimal Classification
Tipo de ítem Libro
Existencias
Withdrawn status Lost status Sistema de Clasificación Damaged status No para préstamo Colección Inventariado Ubicación Permanente Ubicación actual Fecha de adquisición Fuente de Valor Valor Total Checkouts Número topográfico Inventario / Código de Barras Date last seen Ejemplar Price effective from Forma de adquisición Tipo de material
    Dewey Decimal Classification     General Inventariado 2017 Bogotá Bogotá 08/11/2014 Instituto 30000.00   LB-925.8 A66e 038426 08/11/2014 Ej. 1 08/11/2014 Canje Libro